La Virgen de Guadalupe : (Registro nro. 42438)
[ vista simple ]
| 000 -LEADER | |
|---|---|
| fixed length control field | 01311cam a2200313 i 4500 |
| 001 - CONTROL NUMBER | |
| control field | 42438 |
| 003 - CONTROL NUMBER IDENTIFIER | |
| control field | Mx-PuUPA |
| 005 - DATE AND TIME OF LATEST TRANSACTION | |
| control field | 20241121140035.0 |
| 008 - FIXED-LENGTH DATA ELEMENTS--GENERAL INFORMATION | |
| fixed length control field | 140415s1997 mx a gr 000 0 spa d |
| 040 ## - CATALOGING SOURCE | |
| Original cataloging agency | Mx-PuUPA |
| Transcribing agency | Mx-PuUPA |
| Language of cataloging | spa |
| Modifying agency | Mx-PuUPA |
| Description conventions | rda |
| 041 0# - LANGUAGE CODE | |
| Language code of text/sound track or separate title | spa |
| 100 1# - MAIN ENTRY--PERSONAL NAME | |
| Personal name | Mora Ojeda, Manuel de la, |
| 9 (RLIN) | 16482 |
| Relator term | autor |
| 245 13 - TITLE STATEMENT | |
| Title | La Virgen de Guadalupe : |
| Remainder of title | nuestra madre, su origen sobrenatural / |
| Statement of responsibility, etc. | Manuel De la Mora Ojeda y Luis M. Calderón Ojeda |
| 264 #1 - PRODUCTION, PUBLICATION, DISTRIBUTION, MANUFACTURE, AND COPYRIGHT NOTICE | |
| Place of production, publication, distribution, manufacture | México, D. F. : |
| Name of producer, publisher, distributor, manufacturer | [Editor no identificado], |
| Date of production, publication, distribution, manufacture, or copyright notice | 1997 |
| 300 ## - PHYSICAL DESCRIPTION | |
| Extent | 28 páginas : |
| Other physical details | ilustraciones (en blanco y negro) ; |
| Dimensions | 28 cm |
| 336 ## - CONTENT TYPE | |
| Fuente | rdacontent |
| Content type term | texto |
| Content type code | txt |
| 337 ## - MEDIA TYPE | |
| Source | rdamedia |
| Media type term | sin medio |
| Media type code | n |
| 338 ## - CARRIER TYPE | |
| Source | rdacarrier |
| Carrier type term | volumen |
| Carrier type code | nc |
| 505 0# - FORMATTED CONTENTS NOTE | |
| Formatted contents note | "Las apariciones : un hechoh histórico ; La imágen : un mensaje pictográfico ; El acontecimiento : un Evangelio ; Presencia de la Virgen María en la imagen ; Descubrimientos científicos". -- |
| 600 04 - SUBJECT ADDED ENTRY--PERSONAL NAME | |
| Personal name | Nuestra Señora de Guadalupe |
| General subdivision | Apariciones y milagros |
| 600 04 - SUBJECT ADDED ENTRY--PERSONAL NAME | |
| Personal name | Virgen de Guadalupe |
| General subdivision | Historia |
| 600 04 - SUBJECT ADDED ENTRY--PERSONAL NAME | |
| Personal name | Virgen María |
| General subdivision | Culto |
| 650 #7 - SUBJECT ADDED ENTRY--TOPICAL TERM | |
| Source of heading or term | armarc |
| Topical term or geographic name entry element | Acontecimiento Guadalupano |
| General subdivision | Evangelio |
| 700 1# - ADDED ENTRY--PERSONAL NAME | |
| Personal name | Calderón Ojeda, Luis M., |
| Relator term | autor |
| 942 ## - ADDED ENTRY ELEMENTS (KOHA) | |
| Source of classification or shelving scheme | Dewey Decimal Classification |
| Koha item type | Libro |
| Classification part | 232.917 |
| Item part | V83 |
| Withdrawn status | Lost status | Source of classification or shelving scheme | Damaged status | Not for loan | Collection code | Home library | Current library | Shelving location | Date acquired | Total Checkouts | Full call number | Barcode | Date last seen | Price effective from | Koha item type |
|---|---|---|---|---|---|---|---|---|---|---|---|---|---|---|---|
| Dewey Decimal Classification | General | Centro de Estudios Guadalupanos | Centro de Estudios Guadalupanos | Sala general | 03/12/2013 | 232.917 V83 1997 | 46350 | 05/01/2026 | 03/12/2013 | Libro |